[Event "Deizisau Autumn op 15th"]
[Site "Deizisau"]
[Date "2021.11.01"]
[Round "7"]
[White "Jelica, Mara"]
[Black "Lederer, Leia"]
[Result "1/2-1/2"]
[WhiteElo "2085"]
[BlackElo "1750"]
[PlyCount "97"]
[EventDate "2021.10.29"]
[EventType "swiss"]
[EventRounds "7"]
[EventCountry "GER"]
[SourceTitle "CBM 204 Extra"]
[Source "ChessBase"]
[SourceDate "2021.11.30"]
[SourceVersion "1"]
[SourceVersionDate "2021.11.30"]
[SourceQuality "1"]

1. e4 e5 2. Nf3 Nc6 3. d4 exd4 4. Nxd4 Bc5 5. c3 d6 6. Be3 Bb6 7. Nxc6 bxc6 8. Bd4 Nf6 9. Bd3 Qe7 10. 0-0 0-0 11. Nd2 Bb7 12. Bxb6 cxb6 13. Re1 c5 14. Qf3 Rfe8 15. Qh3 Qc7 16. c4 Re6 17. Re3 Rae8 18. Rae1 Qd7 19. Bc2 a6 20. Qf3 b5 21. Qe2 b4 22. Qd1 Qc7 23. h3 a5 24. Qb1 Qc6 25. f3 h6 26. Qd1 Qa6 27. Kf2 Nh5 28. g3 Qb6 29. f4 Nf6 30. Qf3 Qd8 31. g4 Nd7 32. Ba4 Rf6 33. Bxd7 Qxd7 34. Kg3 Qa4 35. Qe2 Qxa2 36. Nb3 Rxe4 37. Rxe4 Bxe4 38. Nc1 Qb1 39. Qxe4 Qxb2 40. Qd5 Qc3+ 41. Nd3 a4 42. Re3 a3 43. Qa8+ Kh7 44. Qe4+ Kg8 45. Nxc5 Qc1 46. Re1 Qc3+ 47. Re3 Qc1 48. Re1 Qc3+ 49. Re3 1/2-1/2

[Event "GER-chT Federal Cup (Women)"]
[Site "Braunfels"]
[Date "2021.10.23"]
[Round "4.9"]
[White "Jelica, Mara"]
[Black "Bluebaum, Johanna"]
[Result "1-0"]
[WhiteElo "2085"]
[BlackElo "2055"]
[PlyCount "121"]
[EventDate "2021.10.19"]
[EventType "team-tourn"]
[EventRounds "5"]
[EventCountry "GER"]
[SourceTitle "CBM 204 Extra"]
[Source "ChessBase"]
[SourceDate "2021.11.30"]
[SourceVersion "1"]
[SourceVersionDate "2021.11.30"]
[SourceQuality "1"]

1. e4 e6 2. d4 d5 3. Nc3 Nf6 4. e5 Nfd7 5. f4 c5 6. Nf3 Nc6 7. Be3 a6 8. dxc5 Bxc5 9. Bxc5 Nxc5 10. Qd2 0-0 11. 0-0-0 f6 12. exf6 Qxf6 13. g3 Rd8 14. Bd3 b5 15. Rde1 b4 16. Nd1 Nxd3+ 17. Qxd3 a5 18. Nf2 Ba6 19. Qe3 Rd6 20. Ng4 Qf5 21. Qc5 Rad8 22. Nge5 Bb7 23. Nh4 Qh5 24. Rhf1 d4 25. Nd3 Rd5 26. Qb6 Qf7 27. Nc5 Ba8 28. Nxe6 Rb8 29. Qa6 b3 30. axb3 Nb4 31. Qc4 d3 32. Nf3 Nxc2 33. Re5 Qd7 34. Nc5 Qd6 35. Ne4 Qd7 36. Nc3 Rc8 37. Rxd5 Bxd5 38. Qxd3 Nb4 39. Qd4 Qf5 40. Ne1 Bxb3 41. Rf2 Re8 42. Kd2 Nc6 43. Qb6 Rd8+ 44. Kc1 Qe6 45. Re2 Qc4 46. Nc2 Bxc2 47. Kxc2 Rb8 48. Qe3 Nd4+ 49. Kb1 Nxe2 50. Nxe2 a4 51. Nc1 Kf7 52. Qa7+ Kg6 53. Qxb8 Qe4+ 54. Ka1 Qc2 55. Qb6+ Kf7 56. Qe3 Qd1 57. Ka2 Qd5+ 58. Kb1 Qd1 59. Qd3 Qh1 60. Qxh7 a3 61. Qf5+ 1-0

[Event "BL 1920 (Women)"]
[Site "Germany"]
[Date "2021.09.05"]
[Round "11.5"]
[White "Jelica, Mara"]
[Black "Barpiyeva, Gulsana"]
[Result "1/2-1/2"]
[WhiteElo "2150"]
[BlackElo "2009"]
[PlyCount "190"]
[EventDate "2019.09.14"]
[EventType "team-tourn"]
[EventRounds "11"]
[EventCountry "GER"]
[SourceTitle "EXT 2022"]
[Source "ChessBase"]
[SourceDate "2021.10.06"]
[SourceVersion "1"]
[SourceVersionDate "2021.10.06"]
[SourceQuality "1"]
[WhiteTeam "Deizisau (W)"]
[BlackTeam "Hofheim (W)"]
[WhiteTeamCountry "GER"]
[BlackTeamCountry "GER"]

1. e4 c5 2. Nf3 e6 3. d4 cxd4 4. Nxd4 a6 5. c4 Qc7 6. Be2 Nf6 7. Nc3 Bb4 8. Nc2 Bxc3+ 9. bxc3 0-0 10. Ba3 Re8 11. Bd6 Qa5 12. Qd3 b5 13. c5 Bb7 14. f3 Nc6 15. 0-0 Rec8 16. Rfb1 Qd8 17. a4 Ne8 18. axb5 axb5 19. Qxb5 Nxd6 20. cxd6 Rcb8 21. Qc5 f6 22. Ne3 Rxa1 23. Rxa1 Rc8 24. Qb5 Rb8 25. Nc4 Ba8 26. Qc5 Qc8 27. Kf2 Qb7 28. Ra3 Qb1 29. Ne3 Qb2 30. Nc4 Qb1 31. Ra6 Qc2 32. Rb6 Rf8 33. Qa3 Ne5 34. Nxe5 fxe5 35. Ke3 Rc8 36. c4 Bc6 37. Qb2 Qa4 38. Qxe5 Qa3+ 39. Kf2 Qa7 40. c5 Qa3 41. Bc4 Qa8 42. Kg3 Rf8 43. h4 Rf6 44. Qb2 Qa5 45. Qb4 Qa1 46. Bd3 Qe5+ 47. Kf2 Qf4 48. e5 Qxe5 49. Rb8+ Kf7 50. Bxh7 g6 51. Re8 Kg7 52. Re7+ Rf7 53. Bxg6 Kxg6 54. Qg4+ Kf6 55. Rxf7+ Kxf7 56. Qb4 Qf5 57. Qc3 Qf4 58. Qh8 Qf5 59. Qc3 Kg8 60. g3 Kf7 61. Kg2 Bd5 62. Kf2 e5 63. g4 Qf4 64. Qd3 Qh2+ 65. Kf1 Qh1+ 66. Ke2 Qg2+ 67. Ke1 Qg3+ 68. Ke2 Qg2+ 69. Ke1 Qg3+ 70. Ke2 Qxh4 71. Qf5+ Qf6 72. Qxd7+ Kg6 73. Qe8+ Kg7 74. Qd7+ Kh6 75. g5+ Qxg5 76. Qh3+ Kg7 77. d7 Qe7 78. Qg4+ Kh6 79. Qf5 Bc4+ 80. Kd1 Bb5 81. Qh3+ Kg7 82. Qg4+ Kf7 83. Qf5+ Kg7 84. Qxe5+ Qxe5 85. d8Q Qxc5 86. Kd2 Qf2+ 87. Kc3 Qxf3+ 88. Kb4 Be2 89. Qe7+ Kh6 90. Qe6+ Kg5 91. Qe5+ Kg4 92. Qg7+ Kh3 93. Qh6+ Kg2 94. Qg7+ Qg4+ 95. Qxg4+ Bxg4 1/2-1/2

[Event "BL 1920 (Women)"]
[Site "Germany"]
[Date "2021.09.04"]
[Round "10.5"]
[White "Obolentseva, Alexandra"]
[Black "Jelica, Mara"]
[Result "1-0"]
[WhiteElo "2279"]
[BlackElo "2150"]
[PlyCount "57"]
[EventDate "2019.09.14"]
[EventType "team-tourn"]
[EventRounds "11"]
[EventCountry "GER"]
[SourceTitle "EXT 2022"]
[Source "ChessBase"]
[SourceDate "2021.10.06"]
[SourceVersion "1"]
[SourceVersionDate "2021.10.06"]
[SourceQuality "1"]
[WhiteTeam "Bad Koenigshofen (W)"]
[BlackTeam "Deizisau (W)"]
[WhiteTeamCountry "GER"]
[BlackTeamCountry "GER"]

1. d4 e6 2. c4 b6 3. e4 Bb4+ 4. Bd2 Bxd2+ 5. Nxd2 Ne7 6. Bd3 Bb7 7. Ne2 0-0 8. Qc2 d6 9. 0-0 e5 10. f4 Nbc6 11. d5 Nb4 12. Qc3 Nxd3 13. Qxd3 exf4 14. Nxf4 a5 15. Nf3 Qd7 16. Nd4 Rae8 17. Rae1 Kh8 18. Re3 Ng8 19. Nf5 Nf6 20. Qd4 Re5 21. Nd3 Rfe8 22. Nxe5 dxe5 23. Qd2 Nh5 24. Ref3 Nf4 25. g3 Ng6 26. h4 Kg8 27. h5 Nf8 28. Nxg7 Kxg7 29. Qg5+ 1-0

[Event "BL 1819 (Women)"]
[Site "Germany"]
[Date "2019.02.09"]
[Round "7.4"]
[White "Jelica, Mara"]
[Black "Savina, Anastasia"]
[Result "0-1"]
[WhiteElo "2162"]
[BlackElo "2331"]
[PlyCount "59"]
[EventDate "2018.10.27"]
[EventType "team-tourn"]
[EventRounds "11"]
[EventCountry "GER"]
[SourceTitle "CBM 189 Extra"]
[Source "ChessBase"]
[SourceDate "2019.06.03"]
[SourceVersion "1"]
[SourceVersionDate "2019.06.03"]
[SourceQuality "1"]
[WhiteTeam "Deizisau (W)"]
[BlackTeam "Bad Koenigshofen (W)"]
[WhiteTeamCountry "GER"]
[BlackTeamCountry "GER"]

1. e4 e5 2. Nf3 Nc6 3. d4 exd4 4. Nxd4 Nf6 5. Nxc6 bxc6 6. Bd3 d6 7. 0-0 g6 8. Re1 Bg7 9. e5 dxe5 10. Rxe5+ Be6 11. Qf3 Nd7 12. Re1 Ne5 13. Rxe5 Bxe5 14. Qxc6+ Ke7 15. Nc3 Rb8 16. Bg5+ f6 17. Re1 Qd6 18. Bxf6+ Bxf6 19. Nd5+ Kf7 20. Rxe6 Qxe6 21. Qxc7+ Be7 22. Nxe7 Qxe7 23. Bc4+ Kf6 24. Qf4+ Kg7 25. Qd4+ Kh6 26. h4 Rbd8 27. Qf4+ Kg7 28. b3 Rd1+ 29. Bf1 Rf8 30. Qc4 0-1

[Event "BL 1718 (Women)"]
[Site "Germany"]
[Date "2018.03.24"]
[Round "10.4"]
[White "Jelica, Mara"]
[Black "Zatonskih, Anna"]
[Result "0-1"]
[WhiteElo "2127"]
[BlackElo "2424"]
[PlyCount "206"]
[EventDate "2017.10.01"]
[EventType "team-tourn"]
[EventRounds "11"]
[EventCountry "GER"]
[SourceTitle "EXT 2019"]
[Source "ChessBase"]
[SourceDate "2018.10.10"]
[SourceVersion "1"]
[SourceVersionDate "2018.10.10"]
[SourceQuality "1"]
[WhiteTeam "Deizisau (W)"]
[BlackTeam "Baden-Baden (W)"]
[WhiteTeamCountry "GER"]
[BlackTeamCountry "GER"]

1. e4 e6 2. d4 d5 3. Nc3 dxe4 4. Nxe4 Nd7 5. g3 Rb8 6. Bg2 b6 7. Ne2 Bb7 8. 0-0 Be7 9. Bf4 Ngf6 10. N2c3 0-0 11. Qe2 Nxe4 12. Nxe4 Nf6 13. Nxf6+ Bxf6 14. Bxb7 Rxb7 15. Rad1 c6 16. Be5 Bg5 17. Qe4 Qd7 18. Rd3 Rd8 19. Qg4 Bh6 20. Bf6 Re8 21. Re1 Kf8 22. Qh4 Qd5 23. b3 Qa5 24. Re2 Qf5 25. Be5 Rd7 26. g4 Qg6 27. Qg3 Bg5 28. h4 Bd8 29. Qf3 Bxh4 30. Qxc6 Qxg4+ 31. Kf1 Rdd8 32. Re4 Qh5 33. Rh3 g5 34. Bf6 Rd5 35. Bxg5 Rxg5 36. Rhxh4 Qg6 37. Qd6+ Re7 38. Qd8+ Re8 39. Qd6+ Kg8 40. Qd7 Rf8 41. Ke2 Rg1 42. d5 Kh8 43. dxe6 fxe6 44. Qd4+ Qg7 45. Qxg7+ Rxg7 46. Rxe6 Rg2 47. Re7 Rfxf2+ 48. Ke1 Rxc2 49. Rhxh7+ Kg8 50. Kf1 Rcf2+ 51. Ke1 Rxa2 52. Kf1 Raf2+ 53. Ke1 a5 54. Rb7 Re2+ 55. Kf1 Ref2+ 56. Ke1 Rb2 57. Kf1 Rgc2 58. Rhe7 Rc1+ 59. Re1 Rxe1+ 60. Kxe1 Rxb3 61. Kd1 Rb4 62. Kc2 Kf8 63. Kc3 Ke8 64. Rh7 Kd8 65. Rg7 Kc8 66. Rh7 Kb8 67. Rg7 Rb5 68. Kc4 Rc5+ 69. Kb3 Rc7 70. Rg5 Kb7 71. Rh5 Ka6 72. Rg5 Rc6 73. Rg8 Rh6 74. Rg3 b5 75. Rf3 Kb6 76. Rg3 a4+ 77. Kb4 Rh4+ 78. Ka3 Ka5 79. Rg5 Re4 80. Rh5 Rg4 81. Rf5 Rh4 82. Rg5 Rd4 83. Rh5 Rd3+ 84. Kb2 Kb4 85. Rh4+ Kc5 86. Rh5+ Rd5 87. Rh8 Rg5 88. Rh4 b4 89. Rh8 Rg2+ 90. Kb1 a3 91. Rh3 Rd2 92. Ka1 Kc4 93. Rg3 b3 94. Rg1 Re2 95. Rd1 Kc3 96. Kb1 Re3 97. Ka1 Kc2 98. Rc1+ Kd2 99. Kb1 Re1 100. Rxe1 Kxe1 101. Kc1 Ke2 102. Kb1 Kd2 103. Ka1 b2+ 0-1

[Event "Stara Lubovna Pieniny (Women)"]
[Site "Stara Lubovna"]
[Date "2017.04.15"]
[Round "7"]
[White "Froewis, Annika"]
[Black "Jelica, Mara"]
[Result "0-1"]
[WhiteElo "2087"]
[BlackElo "2108"]
[PlyCount "70"]
[EventDate "2017.04.10"]
[EventType "tourn"]
[EventRounds "9"]
[EventCountry "SVK"]
[SourceTitle "CBM 177 Extra"]
[Source "ChessBase"]
[SourceDate "2017.04.27"]
[SourceVersion "1"]
[SourceVersionDate "2017.04.27"]
[SourceQuality "1"]

1. e4 c5 2. Nf3 d6 3. d4 cxd4 4. Nxd4 Nf6 5. Nc3 a6 6. Be2 e5 7. Nb3 Be6 8. 0-0 Be7 9. f4 Nc6 10. f5 Bxb3 11. axb3 b5 12. Bg5 0-0 13. Bxf6 Bxf6 14. Nd5 Bg5 15. f6 Bxf6 16. Rxf6 gxf6 17. Bg4 f5 18. Bxf5 Qg5 19. b4 Nd4 20. Ra3 Nxf5 21. exf5 Kh8 22. f6 Rg8 23. Rg3 Qh4 24. Rd3 Rg6 25. Kh1 Rag8 26. Rh3 Qe4 27. Ne3 Rxf6 28. Qd3 Qxd3 29. cxd3 Rc8 30. g4 Rf2 31. Kg1 Rxb2 32. Rf3 Rc1+ 33. Nf1 Kg7 34. g5 Rxb4 35. Kg2 Rf4 0-1

[Event "Stara Lubovna Pieniny (Women)"]
[Site "Stara Lubovna"]
[Date "2017.04.11"]
[Round "2"]
[White "Milcova, Zuzana"]
[Black "Jelica, Mara"]
[Result "1/2-1/2"]
[WhiteElo "2041"]
[BlackElo "2108"]
[PlyCount "51"]
[EventDate "2017.04.10"]
[EventType "tourn"]
[EventRounds "9"]
[EventCountry "SVK"]
[SourceTitle "CBM 177 Extra"]
[Source "ChessBase"]
[SourceDate "2017.04.27"]
[SourceVersion "1"]
[SourceVersionDate "2017.04.27"]
[SourceQuality "1"]

1. e4 e5 2. Nf3 Nc6 3. d4 exd4 4. Nxd4 Bc5 5. Be3 Qf6 6. c3 Nge7 7. Be2 0-0 8. 0-0 d6 9. Nxc6 Nxc6 10. Bxc5 dxc5 11. f4 Qe7 12. Nd2 b6 13. Qe1 Bb7 14. Rd1 Rad8 15. Qg3 f6 16. Rfe1 Kh8 17. Bg4 Qf7 18. b3 a5 19. Nf3 a4 20. e5 Rxd1 21. Rxd1 Rd8 22. Re1 axb3 23. e6 Qe8 24. axb3 Ne7 25. f5 Rd6 26. Nh4 1/2-1/2